Tennis : joueurs du XXe siècle (par image) - Statistiques

Statistiques générales
  • Ce quiz a été pris 66 fois
  • Le résultat moyen est 13 sur 24
Statistiques - réponses
Par images Réponse % Correct
André Agassi
98%
John McEnroe
96%
Pete Sampras
95%
Björn Borg
91%
Ivan Lendl
88%
Stefan Edberg
82%
Boris Becker
81%
James Scott Connors
81%
René Lacoste
79%
Arthur Ashe
77%
Mats Wilander
75%
Rod Laver
75%
Ilie Nastase
68%
John Newcombe
53%
Stan Smith
44%
Jean Borotra
39%
Ken Rosewall
35%
Henri Cochet
30%
Fred Perry
14%
Richard Alonso Gonzales dit Pancho Gonzales
12%
Lewis Hoad
11%
Donald Budge
9%
Tony Trabert
5%
Jack Kramer
2%
Aucun quiz correspondant
Distribution des résultats
% des personnes avec chaque résultat
Percentile par nombre de réponses
Votre historique - résultats
Vous n’avez pas pris ce quiz